[Event "DEM U14w 2023"]
[Site "Willingen GER"]
[Date "2023.05.31"]
[Round "6"]
[White "Hergenröder, Cora"]
[Black "Oellrich, Emma"]
[Result "1/2-1/2"]
[Termination "normal"]
[Board "9"]
[WhiteElo "1466"]
[BlackElo "1525"]
[WhiteClock "00:12:33"]
[BlackClock "00:29:56"]
[PlyCount "53"]
[WhiteFideId "34603700"]
[BlackFideId "16268806"]
[EventCountry "GER"]
[EventRounds "9"]
[EventType "swiss"]
[EventDate "2023.05.27"]

1. d4 {[%clk 01:30:59]} Nf6 {[%clk 01:30:53]} {[%emt 00:00:08]} 2. c4 {[%clk
01:31:24]} {[%emt 00:00:05]} g6 {[%clk 01:31:16]} {[%emt 00:00:06]} 3. Nc3
{[%clk 01:31:49]} {[%emt 00:00:05]} Bg7 {[%clk 01:31:41]} {[%emt 00:00:06]} 4.
e4 {[%clk 01:32:10]} {[%emt 00:00:08]} d6 {[%clk 01:32:05]} {[%emt 00:00:06]}
5. Nf3 {[%clk 01:32:23]} {[%emt 00:00:17]} O-O {[%clk 01:32:25]} {[%emt
00:00:10]} 6. Be2 {[%clk 01:32:43]} {[%emt 00:00:10]} e5 {[%clk 01:32:45]}
{[%emt 00:00:09]} 7. d5 {[%clk 01:32:54]} {[%emt 00:00:21]} Bg4 {[%clk
01:33:03]} {[%emt 00:00:11]} 8. h3 {[%clk 01:28:12]} {[%emt 00:05:12]} Bxf3
{[%clk 01:33:19]} {[%emt 00:00:15]} 9. Bxf3 {[%clk 01:28:36]} {[%emt 00:00:05]}
a5 {[%clk 01:33:12]} {[%emt 00:00:37]} 10. Be3 {[%clk 01:22:51]} {[%emt
00:06:15]} Na6 {[%clk 01:31:10]} {[%emt 00:02:33]} 11. O-O {[%clk 01:18:55]}
{[%emt 00:04:26]} Nd7 {[%clk 01:30:51]} {[%emt 00:00:47]} 12. Qd2 {[%clk
01:14:26]} {[%emt 00:05:00]} Nac5 {[%clk 01:30:24]} {[%emt 00:00:57]} 13. Qc2
{[%clk 01:05:44]} {[%emt 00:09:12]} f5 {[%clk 01:24:33]} {[%emt 00:06:22]} 14.
exf5 {[%clk 00:57:02]} {[%emt 00:09:12]} gxf5 {[%clk 01:24:27]} {[%emt
00:00:36]} 15. Na4 {[%clk 00:48:25]} {[%emt 00:09:06]} Nxa4 {[%clk 01:15:18]}
{[%emt 00:09:40]} 16. Qxa4 {[%clk 00:48:05]} {[%emt 00:00:50]} e4 {[%clk
01:09:13]} {[%emt 00:06:35]} 17. Bd1 {[%clk 00:43:55]} {[%emt 00:04:39]} f4
{[%clk 01:01:19]} {[%emt 00:08:23]} 18. Bd2 {[%clk 00:28:16]} {[%emt 00:16:09]}
f3 {[%clk 00:51:37]} {[%emt 00:10:12]} 19. Qb3 {[%clk 00:18:50]} {[%emt
00:09:57]} Nc5 {[%clk 00:41:08]} {[%emt 00:10:59]} 20. Qa3 {[%clk 00:18:03]}
{[%emt 00:01:17]} Be5 {[%clk 00:35:30]} {[%emt 00:06:07]} 21. gxf3 {[%clk
00:14:57]} {[%emt 00:03:36]} exf3 {[%clk 00:34:19]} {[%emt 00:01:41]} 22. Bxf3
{[%clk 00:14:24]} {[%emt 00:01:03]} Qf6 {[%clk 00:34:09]} {[%emt 00:00:40]} 23.
Bg2 {[%clk 00:14:08]} {[%emt 00:00:46]} Bxb2 {[%clk 00:31:44]} {[%emt
00:02:55]} 24. Qg3+ {[%clk 00:14:20]} {[%emt 00:00:18]} Qg6 {[%clk 00:30:32]}
{[%emt 00:01:42]} 25. Qxg6+ {[%clk 00:13:39]} {[%emt 00:01:11]} hxg6 {[%clk
00:30:55]} {[%emt 00:00:07]} 26. Rab1 {[%clk 00:13:41]} {[%emt 00:00:27]} Bd4
{[%clk 00:29:56]} {[%emt 00:01:30]} 27. Rbe1 {[%clk 00:12:33]} {[%emt
00:01:38]} 1/2-1/2

[Event "DEM U14w 2023"]
[Site "Willingen GER"]
[Date "2023.05.31"]
[Round "6"]
[White "Abram, Kristina-Maria"]
[Black "Vogt, Luna"]
[Result "0-1"]
[Termination "normal"]
[Board "10"]
[WhiteElo "1228"]
[BlackElo "1345"]
[WhiteClock "01:07:29"]
[BlackClock "00:17:40"]
[PlyCount "76"]
[WhiteFideId "16298349"]
[BlackFideId "34607153"]
[EventCountry "GER"]
[EventRounds "9"]
[EventType "swiss"]
[EventDate "2023.05.27"]

1. e4 {[%clk 01:30:57]} {[%emt 00:00:02]} e5 {[%clk 01:30:55]} {[%emt
00:00:06]} 2. Nf3 {[%clk 01:31:21]} {[%emt 00:00:05]} Nc6 {[%clk 01:31:22]}
{[%emt 00:00:04]} 3. d4 {[%clk 01:31:39]} {[%emt 00:00:11]} exd4 {[%clk
01:31:49]} {[%emt 00:00:05]} 4. Bc4 {[%clk 01:31:56]} {[%emt 00:00:12]} Bc5
{[%clk 01:32:11]} {[%emt 00:00:09]} 5. c3 {[%clk 01:32:01]} {[%emt 00:00:24]}
d3 {[%clk 01:32:28]} {[%emt 00:00:13]} 6. Qxd3 {[%clk 01:31:48]} {[%emt
00:00:42]} Nge7 {[%clk 01:32:41]} {[%emt 00:00:18]} 7. O-O {[%clk 01:31:26]}
{[%emt 00:00:51]} O-O {[%clk 01:32:31]} {[%emt 00:00:41]} 8. e5 {[%clk
01:30:39]} {[%emt 00:01:18]} d5 {[%clk 01:30:53]} {[%emt 00:02:08]} 9. Bb3
{[%clk 01:30:07]} {[%emt 00:01:01]} Be6 {[%clk 01:30:20]} {[%emt 00:01:04]} 10.
Be3 {[%clk 01:29:16]} {[%emt 00:01:20]} Bb6 {[%clk 01:30:15]} {[%emt 00:00:35]}
11. Bc2 {[%clk 01:27:16]} {[%emt 00:02:29]} Bf5 {[%clk 01:29:32]} {[%emt
00:01:13]} 12. Qd2 {[%clk 01:25:54]} {[%emt 00:01:49]} Bxe3 {[%clk 01:28:41]}
{[%emt 00:01:25]} 13. fxe3 {[%clk 01:26:03]} {[%emt 00:00:20]} Bg6 {[%clk
01:22:06]} {[%emt 00:07:06]} 14. g4 {[%clk 01:22:36]} {[%emt 00:03:57]} Qd7
{[%clk 01:19:57]} {[%emt 00:02:39]} 15. h3 {[%clk 01:21:02]} {[%emt 00:02:03]}
Qe6 {[%clk 01:17:18]} {[%emt 00:03:10]} 16. Bxg6 {[%clk 01:19:32]} {[%emt
00:02:00]} Nxg6 {[%clk 01:16:35]} {[%emt 00:01:13]} 17. Qh2 {[%clk 01:17:01]}
{[%emt 00:02:57]} Ncxe5 {[%clk 01:14:37]} {[%emt 00:02:31]} 18. Nxe5 {[%clk
01:16:02]} {[%emt 00:01:30]} Qxe5 {[%clk 01:14:15]} {[%emt 00:00:53]} 19. Qxe5
{[%clk 01:16:14]} {[%emt 00:00:17]} Nxe5 {[%clk 01:14:40]} {[%emt 00:00:05]}
20. Rf5 {[%clk 01:16:28]} {[%emt 00:00:13]} Rfe8 {[%clk 01:13:40]} {[%emt
00:01:33]} 21. Nd2 {[%clk 01:16:34]} {[%emt 00:00:24]} Rad8 {[%clk 01:13:01]}
{[%emt 00:01:09]} 22. e4 {[%clk 01:15:26]} {[%emt 00:01:37]} d4 {[%clk
01:09:38]} {[%emt 00:03:54]} 23. c4 {[%clk 01:12:55]} {[%emt 00:03:01]} c5
{[%clk 01:01:51]} {[%emt 00:08:16]} 24. Rb1 {[%clk 01:12:29]} {[%emt 00:00:57]}
g6 {[%clk 01:01:01]} {[%emt 00:01:19]} 25. Rff1 {[%clk 01:12:00]} {[%emt
00:00:29]} Nc6 {[%clk 01:00:52]} {[%emt 00:01:10]} 26. Nb3 {[%clk 01:11:41]}
{[%emt 00:00:48]} b6 {[%clk 01:00:10]} {[%emt 00:01:13]} 27. Rf6 {[%clk
01:11:43]} {[%emt 00:00:21]} Re6 {[%clk 00:50:38]} {[%emt 00:10:08]} 28. Rbf1
{[%clk 01:11:47]} {[%emt 00:00:26]} Rxf6 {[%clk 00:49:29]} {[%emt 00:01:40]}
29. Rxf6 {[%clk 01:12:08]} {[%emt 00:00:08]} Nb4 {[%clk 00:49:21]} {[%emt
00:00:38]} 30. a4 {[%clk 01:12:07]} {[%emt 00:00:32]} Kg7 {[%clk 00:47:21]}
{[%emt 00:02:30]} 31. g5 {[%clk 01:12:03]} {[%emt 00:00:33]} Re8 {[%clk
00:28:27]} {[%emt 00:19:25]} 32. Nd2 {[%clk 01:11:45]} {[%emt 00:00:46]} Nd3
{[%clk 00:25:40]} {[%emt 00:03:19]} 33. b3 {[%clk 01:11:05]} {[%emt 00:01:10]}
Re5 {[%clk 00:24:12]} {[%emt 00:01:59]} 34. h4 {[%clk 01:09:42]} {[%emt
00:01:51]} h6 {[%clk 00:23:27]} {[%emt 00:01:15]} 35. Rf3 {[%clk 01:09:47]}
{[%emt 00:00:21]} Nb4 {[%clk 00:19:22]} {[%emt 00:04:39]} 36. gxh6+ {[%clk
01:09:43]} {[%emt 00:00:33]} Kf8 {[%clk 00:18:57]} {[%emt 00:00:56]} 37. Rf4
{[%clk 01:07:33]} {[%emt 00:02:31]} Rh5 {[%clk 00:18:15]} {[%emt 00:01:21]} 38.
Kf2 {[%clk 01:07:29]} {[%emt 00:00:34]} Nd3+ {[%clk 00:17:40]} {[%emt
00:01:05]} 0-1

[Event "DEM U14w 2023"]
[Site "Willingen GER"]
[Date "2023.05.31"]
[Round "6"]
[White "Hoffmann, Svenja"]
[Black "Huber, Laura"]
[Result "1/2-1/2"]
[Termination "normal"]
[Board "11"]
[WhiteElo "1491"]
[BlackElo "1388"]
[WhiteClock "00:36:31"]
[BlackClock "00:06:14"]
[PlyCount "124"]
[WhiteFideId "16287312"]
[BlackFideId "16270940"]
[EventCountry "GER"]
[EventRounds "9"]
[EventType "swiss"]
[EventDate "2023.05.27"]

1. e4 {[%clk 01:30:58]} {[%emt 00:00:01]} e5 {[%clk 01:30:58]} {[%emt
00:00:03]} 2. Nf3 {[%clk 01:31:18]} {[%emt 00:00:09]} Nf6 {[%clk 01:31:05]}
{[%emt 00:00:24]} 3. Nxe5 {[%clk 01:31:04]} {[%emt 00:00:43]} d6 {[%clk
01:30:41]} {[%emt 00:00:55]} 4. Nf3 {[%clk 01:30:27]} {[%emt 00:01:05]} Nxe4
{[%clk 01:30:51]} {[%emt 00:00:21]} 5. Nc3 {[%clk 01:29:56]} {[%emt 00:01:01]}
Nxc3 {[%clk 01:26:26]} {[%emt 00:04:55]} 6. dxc3 {[%clk 01:28:32]} {[%emt
00:01:54]} d5 {[%clk 01:19:20]} {[%emt 00:07:36]} 7. Be3 {[%clk 01:26:15]}
{[%emt 00:02:47]} Be7 {[%clk 01:16:15]} {[%emt 00:03:35]} 8. Qd2 {[%clk
01:24:28]} {[%emt 00:02:17]} c6 {[%clk 01:13:56]} {[%emt 00:02:50]} 9. O-O-O
{[%clk 01:22:46]} {[%emt 00:02:11]} Qa5 {[%clk 01:11:53]} {[%emt 00:02:32]} 10.
Kb1 {[%clk 01:22:20]} {[%emt 00:00:56]} Nd7 {[%clk 01:06:44]} {[%emt 00:05:40]}
11. Bd3 {[%clk 01:19:47]} {[%emt 00:03:03]} Nf6 {[%clk 01:02:11]} {[%emt
00:05:03]} 12. Rhe1 {[%clk 01:17:57]} {[%emt 00:02:20]} Bd7 {[%clk 00:58:59]}
{[%emt 00:03:42]} 13. Nd4 {[%clk 01:16:48]} {[%emt 00:01:39]} O-O-O {[%clk
00:56:53]} {[%emt 00:02:36]} 14. Nb3 {[%clk 01:15:22]} {[%emt 00:01:57]} Qc7
{[%clk 00:55:42]} {[%emt 00:01:41]} 15. Bxa7 {[%clk 01:13:41]} {[%emt
00:02:15]} Rhe8 {[%clk 00:53:49]} {[%emt 00:02:20]} 16. Be3 {[%clk 01:12:34]}
{[%emt 00:01:35]} Bd6 {[%clk 00:50:10]} {[%emt 00:04:10]} 17. g3 {[%clk
01:11:45]} {[%emt 00:01:19]} Ng4 {[%clk 00:48:04]} {[%emt 00:02:36]} 18. h3
{[%clk 01:10:35]} {[%emt 00:01:39]} Nxe3 {[%clk 00:48:04]} {[%emt 00:00:31]}
19. Rxe3 {[%clk 01:10:50]} {[%emt 00:00:16]} Bxh3 {[%clk 00:44:09]} {[%emt
00:04:24]} 20. Rh1 {[%clk 01:10:34]} {[%emt 00:00:45]} Qd7 {[%clk 00:44:01]}
{[%emt 00:00:39]} 21. Qe2 {[%clk 01:05:00]} {[%emt 00:06:04]} Rxe3 {[%clk
00:39:27]} {[%emt 00:05:04]} 22. Qxe3 {[%clk 01:05:12]} {[%emt 00:00:18]} h6
{[%clk 00:38:35]} {[%emt 00:01:22]} 23. Qb6 {[%clk 01:03:25]} {[%emt 00:02:17]}
Bg4 {[%clk 00:36:22]} {[%emt 00:02:44]} 24. Na5 {[%clk 01:03:11]} {[%emt
00:00:43]} Qc7 {[%clk 00:35:44]} {[%emt 00:01:08]} 25. Qa7 {[%clk 01:02:46]}
{[%emt 00:00:54]} Qb8 {[%emt 00:02:14]} 26. Qd4 {[%clk 00:55:58]} {[%emt
00:07:17]} Be6 {[%clk 00:27:42]} {[%emt 00:06:50]} 27. Nb3 {[%clk 00:53:57]}
{[%emt 00:02:31]} Be5 {[%clk 00:22:01]} {[%emt 00:06:12]} 28. Qa4 {[%clk
00:53:54]} {[%emt 00:00:32]} Qd6 {[%clk 00:12:46]} {[%emt 00:09:45]} 29. Na5
{[%clk 00:47:17]} {[%emt 00:07:07]} Qc5 {[%clk 00:07:55]} {[%emt 00:05:21]} 30.
f4 {[%clk 00:42:43]} {[%emt 00:05:04]} Bf6 {[%clk 00:07:40]} {[%emt 00:00:46]}
31. f5 {[%clk 00:35:11]} {[%emt 00:08:02]} Bd7 {[%clk 00:08:09]} 32. c4 {[%clk
00:34:54]} {[%emt 00:00:47]} dxc4 {[%emt 00:02:23]} 33. Nxc4 {[%clk 00:34:13]}
{[%emt 00:01:11]} Bxf5 {[%clk 00:04:52]} {[%emt 00:01:54]} 34. b4 {[%clk
00:26:06]} {[%emt 00:08:37]} Qf2 {[%clk 00:01:57]} {[%emt 00:03:25]} 35. Qa8+
{[%clk 00:23:44]} {[%emt 00:02:52]} Kc7 {[%clk 00:02:23]} {[%emt 00:00:04]} 36.
Qa5+ {[%clk 00:24:01]} {[%emt 00:00:12]} Kb8 {[%clk 00:01:41]} {[%emt
00:01:14]} 37. Qxf5 {[%clk 00:23:39]} {[%emt 00:00:51]} Qd4 {[%clk 00:01:40]}
{[%emt 00:00:30]} 38. Qf4+ {[%clk 00:23:35]} {[%emt 00:00:34]} Qxf4 {[%clk
00:01:39]} {[%emt 00:00:32]} 39. gxf4 {[%clk 00:23:55]} {[%emt 00:00:10]} Rd4
{[%clk 00:01:46]} {[%emt 00:00:23]} 40. f5 {[%clk 00:21:53]} {[%emt 00:02:31]}
b5 {[%clk 00:01:30]} {[%emt 00:00:47]} 41. Ne3 {[%clk 00:19:18]} {[%emt
00:03:04]} Rxb4+ {[%clk 00:01:49]} {[%emt 00:00:11]} 42. Kc1 {[%clk 00:19:39]}
{[%emt 00:00:09]} Ra4 {[%clk 00:01:35]} {[%emt 00:00:45]} 43. Kd2 {[%clk
00:17:55]} {[%emt 00:02:14]} Rxa2 {[%clk 00:01:45]} {[%emt 00:00:21]} 44. Rb1
{[%clk 00:17:20]} {[%emt 00:01:04]} Kc7 {[%clk 00:30:29]} {[%emt 00:01:45]} 45.
Be4 {[%clk 00:46:59]} {[%emt 00:00:52]} Ra4 {[%clk 00:28:15]} {[%emt 00:02:44]}
46. Bd3 {[%clk 00:45:03]} {[%emt 00:02:26]} Rh4 {[%clk 00:25:57]} {[%emt
00:02:48]} 47. Re1 {[%clk 00:44:12]} {[%emt 00:01:21]} Rh2+ {[%clk 00:20:53]}
{[%emt 00:05:35]} 48. Re2 {[%clk 00:44:03]} {[%emt 00:00:38]} Rxe2+ {[%clk
00:16:32]} {[%emt 00:04:51]} 49. Bxe2 {[%clk 00:42:31]} {[%emt 00:02:01]} g6
{[%clk 00:12:48]} {[%emt 00:04:14]} 50. fxg6 {[%clk 00:42:41]} {[%emt
00:00:20]} fxg6 {[%clk 00:13:10]} {[%emt 00:00:08]} 51. Bd3 {[%clk 00:43:05]}
{[%emt 00:00:06]} g5 {[%clk 00:12:41]} {[%emt 00:01:00]} 52. Be2 {[%clk
00:43:07]} {[%emt 00:00:28]} Be7 {[%clk 00:12:17]} {[%emt 00:00:54]} 53. Nf5
{[%clk 00:39:54]} {[%emt 00:03:43]} Bf8 {[%clk 00:12:35]} {[%emt 00:00:12]} 54.
Ke3 {[%clk 00:40:08]} {[%emt 00:00:16]} Kb6 {[%clk 00:11:43]} {[%emt 00:01:22]}
55. Kd4 {[%clk 00:40:17]} {[%emt 00:00:21]} c5+ {[%clk 00:10:38]} {[%emt
00:01:35]} 56. Kd5 {[%clk 00:40:17]} {[%emt 00:00:29]} c4 {[%clk 00:09:28]}
{[%emt 00:01:41]} 57. Kd4 {[%clk 00:38:18]} {[%emt 00:02:27]} Ka5 {[%clk
00:09:00]} {[%emt 00:00:59]} 58. Kc3 {[%clk 00:37:58]} {[%emt 00:00:51]} Bb4+
{[%clk 00:08:39]} {[%emt 00:00:51]} 59. Kb2 {[%clk 00:37:37]} {[%emt 00:00:51]}
Bf8 {[%clk 00:08:59]} {[%emt 00:00:09]} 60. Kc3 {[%clk 00:37:12]} {[%emt
00:00:56]} Bb4+ {[%clk 00:09:20]} {[%emt 00:00:09]} 61. Kd4 {[%clk 00:37:17]}
{[%emt 00:01:41]} Bf8 {[%clk 00:09:38]} {[%emt 00:00:11]} 62. Kc3 {[%clk
00:36:31]} {[%emt 00:01:17]} Bb4+ {[%clk 00:06:14]} {[%emt 00:03:54]} 1/2-1/2

[Event "DEM U14w 2023"]
[Site "Willingen GER"]
[Date "2023.05.31"]
[Round "6"]
[White "Dodul, Alice"]
[Black "Rabe, Elina"]
[Result "1/2-1/2"]
[Termination "normal"]
[Board "12"]
[WhiteElo "1430"]
[BlackElo "1066"]
[WhiteClock "01:02:45"]
[BlackClock "00:50:32"]
[PlyCount "45"]
[WhiteFideId "34623817"]
[BlackFideId "34623531"]
[EventCountry "GER"]
[EventRounds "9"]
[EventType "swiss"]
[EventDate "2023.05.27"]

1. d4 {[%clk 01:30:57]} {[%emt 00:00:01]} d5 {[%clk 01:30:52]} {[%emt
00:00:08]} 2. Bf4 {[%clk 01:31:19]} {[%emt 00:00:08]} Nf6 {[%clk 01:30:52]}
{[%emt 00:00:31]} 3. e3 {[%clk 01:31:23]} {[%emt 00:00:25]} Bf5 {[%clk
01:30:42]} {[%emt 00:00:41]} 4. Nf3 {[%clk 01:31:22]} {[%emt 00:00:30]} Nc6
{[%clk 01:30:26]} {[%emt 00:00:47]} 5. c3 {[%clk 01:30:51]} {[%emt 00:01:00]}
e6 {[%clk 01:29:58]} {[%emt 00:00:57]} 6. h3 {[%clk 01:30:50]} {[%emt
00:00:32]} Bd6 {[%clk 01:29:33]} {[%emt 00:00:55]} 7. Ne5 {[%clk 01:30:55]}
{[%emt 00:00:25]} Bxe5 {[%clk 01:27:03]} {[%emt 00:03:00]} 8. dxe5 {[%clk
01:31:11]} Nd7 {[%clk 01:26:28]} {[%emt 00:01:18]} 9. Bb5 {[%clk 01:25:43]} a6
{[%clk 01:26:01]} {[%emt 00:06:57]} 10. Ba4 {[%clk 01:25:06]} b5 {[%clk
01:25:40]} {[%emt 00:01:57]} 11. Bb3 {[%emt 00:01:42]} Ncxe5 {[%clk 01:25:05]}
12. O-O {[%clk 01:24:33]} {[%emt 00:00:55]} Nd3 {[%clk 01:19:43]} {[%emt
00:05:53]} 13. Qe2 {[%clk 01:22:33]} {[%emt 00:02:29]} Nxf4 {[%clk 01:15:29]}
{[%emt 00:04:45]} 14. exf4 {[%clk 01:22:53]} {[%emt 00:00:10]} O-O {[%clk
01:15:44]} {[%emt 00:00:15]} 15. Nd2 {[%clk 01:22:05]} {[%emt 00:01:18]} Qh4
{[%clk 01:10:22]} {[%emt 00:05:51]} 16. Qe3 {[%clk 01:20:23]} {[%emt 00:02:13]}
Nf6 {[%clk 01:08:02]} {[%emt 00:02:50]} 17. Nf3 {[%clk 01:19:02]} {[%emt
00:01:51]} Qh5 {[%clk 00:59:57]} {[%emt 00:08:32]} 18. Ne5 {[%clk 01:16:32]}
{[%emt 00:03:04]} Qh4 {[%clk 00:56:21]} {[%emt 00:04:03]} 19. Nc6 {[%clk
01:12:20]} {[%emt 00:04:44]} Rfe8 {[%clk 00:54:38]} {[%emt 00:02:13]} 20. Qf3
{[%clk 01:08:04]} {[%emt 00:04:45]} Be4 {[%clk 00:52:57]} {[%emt 00:02:11]} 21.
Qe3 {[%clk 01:03:53]} {[%emt 00:04:42]} Nh5 {[%clk 00:51:11]} {[%emt 00:02:15]}
22. f3 {[%clk 01:02:45]} {[%emt 00:01:39]} Bf5 {[%clk 00:50:32]} {[%emt
00:01:08]} 23. Rf2 {[%emt 00:04:24]} 1/2-1/2

[Event "DEM U14w 2023"]
[Site "Willingen GER"]
[Date "2023.05.31"]
[Round "6"]
[White "Ignatova, Gabriela"]
[Black "Lorenz, Rebecca"]
[Result "0-1"]
[Termination "normal"]
[Board "13"]
[WhiteElo "1146"]
[BlackElo "770"]
[WhiteClock "00:32:58"]
[BlackClock "00:41:59"]
[PlyCount "62"]
[WhiteFideId "34623698"]
[BlackFideId "34610944"]
[EventCountry "GER"]
[EventRounds "9"]
[EventType "swiss"]
[EventDate "2023.05.27"]

1. e4 {[%clk 01:30:57]} {[%emt 00:00:02]} e5 {[%clk 01:30:51]} {[%emt
00:00:10]} 2. Nf3 {[%clk 01:31:22]} {[%emt 00:00:05]} Nc6 {[%clk 01:30:40]}
{[%emt 00:00:42]} 3. Bc4 {[%clk 01:31:35]} {[%emt 00:00:16]} Bb4 {[%clk
01:29:56]} {[%emt 00:01:15]} 4. c3 {[%clk 01:29:32]} {[%emt 00:02:33]} Bc5
{[%clk 01:28:48]} {[%emt 00:01:38]} 5. d3 {[%clk 01:27:40]} {[%emt 00:02:21]}
d6 {[%clk 01:27:31]} {[%emt 00:01:47]} 6. h3 {[%clk 01:25:24]} {[%emt
00:02:46]} Be6 {[%clk 01:26:49]} {[%emt 00:01:44]} 7. Bb3 {[%clk 01:25:16]}
{[%emt 00:01:06]} Nf6 {[%clk 01:25:15]} {[%emt 00:02:04]} 8. Nbd2 {[%clk
01:25:23]} {[%emt 00:00:23]} O-O {[%clk 01:22:23]} {[%emt 00:03:23]} 9. O-O
{[%clk 01:25:15]} {[%emt 00:00:37]} d5 {[%clk 01:19:30]} {[%emt 00:03:23]} 10.
Re1 {[%clk 01:19:05]} {[%emt 00:06:40]} b5 {[%clk 01:16:35]} {[%emt 00:03:25]}
11. Nf1 {[%clk 01:16:42]} {[%emt 00:02:52]} a5 {[%clk 01:14:33]} {[%emt
00:02:33]} 12. a4 {[%clk 01:11:45]} {[%emt 00:05:27]} b4 {[%clk 01:12:26]}
{[%emt 00:02:37]} 13. Ng3 {[%clk 01:08:51]} {[%emt 00:03:23]} h6 {[%clk
01:10:16]} {[%emt 00:02:41]} 14. Nh4 {[%clk 01:04:39]} {[%emt 00:04:41]} Kh7
{[%clk 01:07:49]} {[%emt 00:02:58]} 15. Bd2 {[%clk 01:03:33]} {[%emt 00:01:36]}
Rb8 {[%clk 01:07:15]} {[%emt 00:01:04]} 16. Nhf5 {[%clk 00:57:18]} {[%emt
00:06:44]} bxc3 {[%clk 01:04:51]} {[%emt 00:02:55]} 17. bxc3 {[%clk 00:54:44]}
{[%emt 00:03:04]} dxe4 {[%clk 01:04:05]} {[%emt 00:01:15]} 18. Bxe6 {[%clk
00:50:16]} {[%emt 00:04:59]} fxe6 {[%clk 01:04:12]} {[%emt 00:00:23]} 19. d4
{[%clk 00:46:01]} {[%emt 00:04:45]} exd4 {[%clk 00:55:18]} {[%emt 00:09:23]}
20. cxd4 {[%clk 00:45:29]} {[%emt 00:01:03]} Bxd4 {[%clk 00:54:42]} {[%emt
00:01:06]} 21. Nxd4 {[%clk 00:45:33]} {[%emt 00:00:26]} Qxd4 {[%emt 00:02:31]}
22. Qc2 {[%clk 00:44:22]} {[%emt 00:01:37]} Nb4 {[%clk 00:49:48]} {[%emt
00:03:23]} 23. Bxb4 {[%clk 00:43:37]} {[%emt 00:01:19]} Rxb4 {[%clk 00:49:20]}
{[%emt 00:00:58]} 24. Qxc7 {[%clk 00:42:49]} {[%emt 00:01:18]} Nd5 {[%clk
00:45:42]} {[%emt 00:04:07]} 25. Qxa5 {[%clk 00:40:08]} {[%emt 00:03:12]} Qxf2+
{[%clk 00:44:04]} {[%emt 00:02:07]} 26. Kh1 {[%clk 00:38:39]} {[%emt 00:01:59]}
Qxg3 {[%clk 00:43:22]} {[%emt 00:01:13]} 27. Rad1 {[%clk 00:38:10]} {[%emt
00:00:58]} Rf2 {[%clk 00:43:06]} {[%emt 00:00:45]} 28. Rg1 {[%clk 00:38:15]}
{[%emt 00:00:25]} e3 {[%clk 00:42:41]} {[%emt 00:00:56]} 29. Rxd5 {[%clk
00:37:08]} {[%emt 00:01:37]} Rbb2 {[%clk 00:42:18]} {[%emt 00:00:52]} 30. Rd3
{[%clk 00:34:31]} {[%emt 00:03:07]} Rxg2 {[%clk 00:41:54]} {[%emt 00:00:54]}
31. Qe1 {[%clk 00:32:58]} {[%emt 00:02:05]} Qh2# {[%clk 00:41:59]} {[%emt
00:00:24]} 0-1

[Event "DEM U14w 2023"]
[Site "Willingen GER"]
[Date "2023.06.01"]
[Round "7"]
[White "Lorenz, Veronika"]
[Black "Schwarzfischer, Julia"]
[Result "1-0"]
[Termination "normal"]
[Board "1"]
[WhiteElo "1584"]
[BlackElo "1364"]
[WhiteClock "00:45:50"]
[BlackClock "00:46:55"]
[PlyCount "89"]
[WhiteFideId "16277406"]
[BlackFideId "16268105"]
[EventCountry "GER"]
[EventRounds "9"]
[EventType "swiss"]
[EventDate "2023.05.27"]

{[%evp 0,44,22,22,42,44,44,31,46,38,31,37,27,25,9,-2,14,-6,6,8,1,-2,8,6,8,6,0,
-19,42,35,37,46,55,39,39,33,73,67,115,76,60,92,117,4,16,28,19]} 1. e4 c5 {[%emt
0:00:04]} 2. Nf3 {[%emt 0:00:05]} Nc6 {[%emt 0:00:04]} 3. Bb5 {[%emt 0:00:04]}
e6 {[%emt 0:00:24]} 4. Bxc6 {[%emt 0:00:05]} bxc6 {[%emt 0:00:10]} 5. d3 {[%emt
0:00:07]} Be7 {[%emt 0:00:28]} 6. Nbd2 {[%emt 0:00:34]} d5 {[%emt 0:00:18]} 7.
e5 {[%emt 0:00:40]} Qc7 {[%emt 0:02:09]} 8. b3 {[%emt 0:03:10]} h5 {[%emt
0:06:22]} 9. Bb2 {[%emt 0:03:33]} Nh6 {[%emt 0:01:34]} 10. Qe2 {[%emt 0:01:33]}
a5 {[%emt 0:02:04]} 11. a4 {[%emt 0:00:23]} Ba6 {[%emt 0:01:37]} 12. h3 {[%emt
0:07:04]} Nf5 {[%emt 0:10:59]} 13. O-O-O {[%emt 0:01:42]} O-O-O {[%emt
0:05:48]} 14. g4 {[%emt 0:03:32]} hxg4 {[%emt 0:02:59]} 15. hxg4 {[%emt
0:00:13]} Nh6 {[%emt 0:00:40]} 16. Ne1 {[%emt 0:10:35]} Kb7 {[%emt 0:03:51]}
17. Ng2 {[%emt 0:01:26]} Rb8 {[%emt 0:01:37]} 18. f4 {[%emt 0:01:12]} Ka8
{[%emt 0:01:45]} 19. Ne3 {[%emt 0:01:12]} g5 {[%emt 0:00:50]} 20. Qf3 {[%emt
0:12:26]} Rb4 {[%emt 0:03:35]} 21. fxg5 {[%emt 0:05:14]} Bxg5 {[%emt 0:00:21]}
22. Rh5 {[%emt 0:00:49]} Rg8 {[%emt 0:06:57]} 23. Rdh1 Nxg4 24. Rh8 Qd8 25.
Rxg8 Qxg8 26. Nxg4 Rxg4 27. Bc3 Rg3 28. Qf2 Be3 29. Qf6 Bg5 30. Qf2 d4 31. Bxa5
Ka7 32. Rf1 Bxd2+ 33. Bxd2 Rg7 34. Qf6 Kb6 35. a5+ Kb5 36. Qf4 Rg1 37. c4+ dxc3
38. Qc4+ Kxa5 39. Qxc5+ Bb5 40. Bxc3+ Ka6 41. Rxg1 Qd8 42. Bd4 Qc7 43. Rg8 Qb7
44. Ra8+ Qxa8 45. Qb6# 1-0